[Event "Kiev Trudova Ukraina"]
[Site "Kiev"]
[Date "2001.01.25"]
[Round "7"]
[White "Malakhatko, Vadim"]
[Black "Eschenko, Vadim"]
[Result "1/2-1/2"]
[WhiteElo "2513"]
[BlackElo "2443"]
[Annotator "Hecht,H"]
[PlyCount "109"]
[EventDate "2001.01.19"]
[EventType "tourn"]
[EventRounds "10"]
[EventCountry "UKR"]
[EventCategory "11"]
[SourceTitle "CBM 082"]
[Source "ChessBase"]
[SourceDate "2001.05.17"]
[SourceVersion "1"]
[SourceVersionDate "2001.05.17"]
[SourceQuality "1"]

1. d4 d5 2. c4 c6 3. Nf3 Nf6 4. Nc3 g6 5. cxd5 cxd5 6. Bf4 Bg7 7. e3 O-O 8. h3
Ne4 9. Rc1 Be6 10. Nd2 Nxc3 11. Rxc3 Nc6 12. Be2 Rc8 13. O-O Na5 14. Rxc8 Qxc8
15. Qa4 b6 16. b4 Qc3 17. Nb1 Qb2 18. Bg4 Bxg4 19. hxg4 Nc4 20. Qxa7 e6 21. a3
h6 22. g5 h5 23. Bc7 f6 24. gxf6 Rxf6 25. Bf4 g5 26. Bxg5 Rg6 27. Qb8+ Kh7 28.
Qf4 Qc2 29. a4 Kg8 30. a5 bxa5 31. bxa5 e5 32. dxe5 Bxe5 33. Qh4 Qf5 34. Bf4
Bf6 35. Qh2 Nxa5 36. Nd2 h4 37. Rc1 Nc4 38. e4 Qd7 39. exd5 h3 40. g3 Nxd2 41.
Bxd2 Bd4 42. Be1 Qg4 43. Kf1 Qf5 44. Rd1 Bb6 45. Rd2 Ba5 46. Re2 Bxe1 47. Rxe1
Qd3+ 48. Kg1 Qc3 49. Rb1 Rb6 50. Rf1 Rh6 51. g4 Qf3 52. Rc1 Qxg4+ 53. Qg3 Qxg3+
54. fxg3 h2+ 55. Kh1 {[#] Die Spieler lassen uns an dieser Stelle mit dem
Remisschluss allein. machen wir uns an eine Analyse, die zeigen soll, ob das
Remis in Ordnung geht.} (55. Kh1 Rh3 56. d6 (56. Rc3 Kf7 57. Re3 Rh5 58. Rd3
Ke7 59. g4 Rh7 60. d6+ Kd7 61. g5 Rg7 62. Rd5 Rg6 63. Kxh2 Rxd6 $11) (56. Kg2
Rh5 57. d6 Rd5 58. Rc6 Rd2+ 59. Kh1 Kf7 60. Rc7+ Ke6 61. d7 Kf5 $11) 56... Kf7
57. d7 Ke7 58. Rd1 Kd8 (58... Rh8 59. d8=Q+ Rxd8 60. Rxd8 Kxd8 61. Kxh2 Ke7 62.
Kh3 Kf6 63. Kh4 Kg6 64. Kg4 $18) 59. Rd3 Rh7 60. Rd5 Rh3 61. g4 Rh7 62. g5 Rxd7
63. Re5 Re7 64. Rf5 Ke8 65. Kxh2 Rf7 $11 {Mehr als Remis ist in der Tat nicht
herauszuholen.}) 1/2-1/2

[Event "YUG-ch 56th"]
[Site "Herceg Novi"]
[Date "2001.04.07"]
[Round "14"]
[White "Tosic, Miroslav"]
[Black "Pavlovic, Milos"]
[Result "0-1"]
[WhiteElo "2519"]
[BlackElo "2496"]
[Annotator "Kortschnoj,V"]
[PlyCount "68"]
[EventDate "2001.03.23"]
[EventType "tourn"]
[EventRounds "15"]
[EventCountry "YUG"]
[EventCategory "10"]
[SourceTitle "CBM 083"]
[Source "ChessBase"]
[SourceDate "2001.07.05"]
[SourceVersion "1"]
[SourceVersionDate "2001.07.05"]
[SourceQuality "1"]

1. d4 Nf6 2. c4 g6 3. Nc3 d5 4. Nf3 Bg7 5. Bd2 {According to practice of the
very last years, black has no problems in this variation. Still, some players
continue their research.} O-O 6. cxd5 Nxd5 7. e4 Nb6 8. Be3 Bg4 9. Be2 Nc6 10.
d5 Bxf3 11. gxf3 Na5 12. Bd4 Qd6 13. Bxg7 Kxg7 14. Qd2 Qf6 15. f4 c6 16. e5 {
In the famous game Kortchnoi-Kasparov, Wijk an Zee 2000, white played 16.dxc6?
and after Rfd8 could not overcome the difficulties.} (16. dxc6 Rfd8 $1) 16...
Qf5 {After the above-mentioned game commentators believed the move 16.e5} ({
would be met by} 16... Qh4 {with black advantage. Here, however black prefers
another move. In fact, after 16...Qh4 white can play} 17. dxc6 Nxc6 18. Qe3 {
with about equal chances.}) 17. Bd3 Qh5 {17...Qg4 does not change matters too
much after 18.h3.} 18. Be2 Qf5 {It seems white has already a draw...} 19. O-O-O
$6 {... but he is not satisfied with this outcome.} cxd5 20. Rhg1 Nbc4 21. Bxc4
{It is a pity - to give such a bishop,} ({but} 21. Qd4 {would be met by} Nc6
22. Qxd5 Qxf4+ {check...}) 21... Nxc4 22. Qd4 e6 23. Rg5 {After} (23. Rd3 {
black could play} h6 ({or} 23... f6)) 23... Qh3 24. f5 $1 {Obviously white had
in mind this move playing long castle! Unfortunately, it does not help to
break through the black position.} Rac8 25. Kb1 Kg8 26. Ne2 Qf3 27. Ng3 h6 {
This cold-blooded move wins the game.} 28. Rg4 Nxb2 29. Kxb2 Rc4 30. fxg6 Qxg4
31. gxf7+ Rxf7 32. Qd2 Rb4+ 33. Ka1 Rxf2 34. Qd3 Rbb2 0-1

[Event "Tashkent FIDE GP"]
[Site "Tashkent"]
[Date "2014.10.26"]
[Round "5"]
[White "Jakovenko, Dmitrij"]
[Black "Vachier Lagrave, Maxime"]
[Result "1-0"]
[WhiteElo "2747"]
[BlackElo "2757"]
[Annotator "Krasenkow,M"]
[PlyCount "93"]
[EventDate "2014.10.21"]
[EventType "tourn"]
[EventRounds "11"]
[EventCountry "UZB"]
[EventCategory "21"]
[SourceTitle "CBM 163"]
[Source "ChessBase"]
[SourceDate "2014.11.11"]
[SourceVersion "1"]
[SourceVersionDate "2014.11.11"]
[SourceQuality "1"]

1. Nf3 Nf6 2. c4 g6 3. Nc3 d5 4. cxd5 Nxd5 5. Qb3 Nb6 6. d4 Bg7 7. e4 Bg4 8.
Bb5+ c6 9. Ng5 O-O 10. Be2 Bxe2 11. Nxe2 {This line, examined in CBM 147 and
CBM 152, has become extremely popular: dozens of games have been played with
it in recent years.} c5 {[%mdl 512] Not a novelty but quite a rare
continuation. Black sacrifices a pawn or two; however, he has yet to prove his
compensation. Here is an overview of the latest games played in the other
lines:} (11... Bxd4 $6 12. Qh3 h5 13. g4 Qd7 (13... Bf6 14. gxh5 Bxg5 15. hxg6
fxg6 16. Bxg5 $16 {1-0 (47) Gajek,R (2247)-Thybo,J (2116) Budva 2013}) 14. Nxd4
Qxd4 15. gxh5 Rd8 16. O-O Qh8 17. Qb3 Qf6 18. Kh1 N8d7 19. hxg6 Qxg6 20. Rg1
$18 {1-0 (29) Ju,W (2526)-Ni,S (2320) Wuxi 2014}) (11... Qd7 12. h4 (12. Be3
Na6 13. O-O e5 14. dxe5 Bxe5 15. f4 Bf6 16. Nf3 Qe6 17. e5 Qxb3 18. axb3 Be7
$11 {1/2 (33) Bacrot,E (2704)-Weber,T (2380) Baden-Baden 2013}) 12... c5 13. h5
$36 gxh5 $6 14. e5 Nc6 $2 15. Qc2 f5 16. exf6 Rxf6 17. Qxh7+ Kf8 18. Qxh5 $18 {
1-0 (40) Sulava,N (2481)-Plenca,J (2345) Bol 2013}) (11... e5 12. dxe5 h6 13.
Nf3 N8d7 14. O-O Nxe5 15. Nxe5 Bxe5 16. f4 Bg7 17. f5 Kh7 18. Qh3 h5 19. g4 $40
{1-0 (40) Barbosa,O (2566)-Wan,Y (2509) Manila 2013}) (11... h6 $5 {needs more
tests:} 12. Nf3 Na6 13. Be3 Qd6 14. O-O Rac8 15. Nf4 Kh7 16. Nd3 f5 17. exf5
Rxf5 18. Nc5 Qd5 19. Nxa6 bxa6 20. Rfc1 Qxb3 21. axb3 a5 22. Rc5 Rxc5 23. dxc5
Nd5 24. Bd4 Rb8 25. Bxg7 Kxg7 26. Nd4 Kf6 27. Rxa5 Nb4 28. Kf1 Rd8 29. Nf3 Rd3
$44 {1/2 (35) Friedel,J (2505)-Molner,M (2522) Saint Louis USA 2014}) (11...
Na6 {is the most common continuation, now deeply developed. Apparently Black
holds on but he must play accurately:} 12. Qh3 (12. O-O $5 h6 13. Nf3 Qd6 14.
a3 c5 15. Rd1 Rac8 16. Be3 Rfd8 17. h4 Qc6 18. dxc5 Nxc5 19. Rxd8+ Rxd8 20.
Bxc5 Qxc5 21. Rc1 Qd6 22. a4 Qd3 $11 {1-0 (35) Blomqvist,E (2448)-Zulfic,F 
(2128) Stockholm 2012}) (12. Be3 Qd6 13. O-O Qb4 (13... e5 14. Rad1 exd4 15.
Bxd4 Qe7 16. Bxg7 Kxg7 17. Qe3 h6 18. Nf3 f5 19. exf5 Qxe3 20. fxe3 Rxf5 21.
Rd6 $1 $36 {1-0 (30) Bai,J (2419)-Lozhnikov,V (2339) Kocaeli 2013}) 14. Qc2 e5
$1 15. Rad1 (15. Nf3 Qc4 16. Rfc1 Qxc2 17. Rxc2 exd4 18. Bxd4 Rfe8 19. Bxg7
Kxg7 20. Ng3 Nb4 21. Rc3 Rad8 $36 {1/2 (66) Pogromsky,M (2411)-Lozhnikov,V 
(2317) Nizhny Tagil 2013}) 15... Qc4 16. Qd2 Qxa2 17. dxe5 Bxe5 18. Bd4 Bxd4
19. Nxd4 Rae8 $13 {1/2 (25) Frendzas,P (2392)-Pascual Perez,N (2298)
Lechenicher SchachServer 2013}) 12... h6 13. Nf3 Qd7 (13... h5 14. Rg1 (14. g4
hxg4 (14... Qd7 15. Rg1 {- below}) 15. Qxg4 Nd7 16. e5 Nb4 17. O-O Re8 18. e6
Nf8 19. exf7+ Kxf7 20. Nf4 Qd7 21. Ng5+ Kg8 $13 {0-1 (30) Navara,D (2715)
-Hammer,J (2605) Tromso 2013}) (14. Qh4 c5 15. Bg5 Re8 16. e5 Nd5 17. O-O Qb6
18. Nc3 Rad8 19. Nxd5 Rxd5 20. dxc5 {1-0 (48) Ftacnik,L (2543)-Dale,A (2266)
Gold Coast 2013} Nxc5 21. Bxe7 Nd3 $36) 14... Nd7 (14... Qd7 15. g4 $5 Nb4 16.
Qh4 hxg4 17. Rxg4 Rfd8 18. Kf1 $40 {1-0 (28) Lupulescu,C (2634)-Nedilko,V 
(2396) Legnica 2013}) 15. e5 (15. g4 Nf6 16. Ng5 hxg4 17. Rxg4 Qc8 18. f3 Rd8
19. e5 Nxg4 20. fxg4 f6 21. Qh7+ Kf8 22. Qxg6 fxg5 23. e6 Kg8 24. Bxg5 Rd5 25.
Qf7+ Kh8 26. Qh5+ Kg8 27. Qf7+ Kh8 28. Qh5+ Kg8 29. Qf7+ {1/2 (29) Jakovenko,D
(2734)-Sutovsky,E (2671) Loo 2013}) 15... Nb4 16. g4 Nc2+ 17. Kf1 Nxe5 18. Nxe5
Bxe5 19. gxh5 Qc8 (19... Bg7 20. hxg6 fxg6 21. Qb3+ e6 22. Qxc2 Qh4 23. Be3 Rf5
24. Rxg6 Qh7 25. Nf4 Raf8 26. Qe4 Kh8 27. Rg4 {1-0 (27) Rodshtein,M (2671)-Gao
Rui (2529) Helsingor DEN 2014}) 20. Rg4 Qf5 21. dxe5 Rad8 22. hxg6 Rd1+ 23. Kg2
{1-0 (33) Cheparinov,I (2678)-Sutovsky,E (2660) Poikovsky 2013} fxg6 $13) 14.
Qh4 h5 (14... g5 15. Bxg5 hxg5 16. Nxg5 Rfd8 17. Qh5 e5 18. O-O $44 f6 $2 19.
Qh7+ Kf8 20. f4 $1 exd4 21. f5 fxg5 22. f6 $18 {1-0 (28) Navara,D (2710)-Ris,R
(2407) Reykjavik 2013}) 15. O-O (15. h3 c5 16. g4 cxd4 17. gxh5 Nc5 18. Ng5 Ne6
19. Rg1 d3 20. hxg6 Nxg5 21. Rxg5 fxg6 22. Rxg6 Rf7 23. Bh6 dxe2 24. Bxg7 Rxg7
25. Rxg7+ Kxg7 26. Qg5+ Kf8 27. Qh6+ Kg8 28. Qg6+ Kf8 29. Qh6+ Kg8 30. Qg6+ {
1/2 (30) Pavlov,S (2483)-Shishkin,V (2496) Kiev 2013}) 15... c5 16. e5 Nd5 17.
h3 Qb5 (17... Qf5 18. dxc5 Bxe5 19. Ned4 Bxd4 20. Nxd4 Qd7 21. Nb3 Rfc8 22. Qd4
Nf6 23. Qe5 Nb4 24. Qe2 $14 {1/2 (34) Kantsler,B (2420)-Zanan,E (2257)
Beer-Sheva ISR 2014}) 18. Nc3 Qc6 19. Nxd5 Qxd5 20. Be3 cxd4 21. Bxd4 Nb4 22.
Rfd1 Nc6 23. Bc3 Qe6 24. Re1 Qf5 25. Re4 Rad8 26. Rae1 Bh6 27. e6 f6 28. Nd4
Nxd4 29. Rxd4 Bg5 30. Qe4 Qxe4 31. Rexe4 f5 32. Rxd8 Rxd8 33. Rc4 Bd2 $11 {
1/2 (76) Cori,J (2612)-Ghosh,D (2508) Pune IND 2014}) 12. dxc5 N6d7 13. Qxb7 {
Accepting the offer is probably the right way.} (13. Qa3 {In the following
game White kept an extra pawn but offered a draw as he didn't see any way to
make use of it:} h6 14. Nf3 Nc6 15. O-O b6 16. Be3 Nxc5 17. Rac1 a5 18. Rfd1
Qb8 19. Bxc5 bxc5 20. Qxc5 Rc8 21. b3 Qb7 22. Qe3 Nb4 23. a4 Rxc1 24. Nxc1 {
1/2 (24) Lupulescu,C (2614)-Safarli,E (2638) Skopje 2013}) 13... Qa5+ 14. Bd2
Qa6 $1 (14... Nxc5 15. Qxa8 (15. Bxa5 Nxb7 16. Bc3 h6 17. Bxg7 Kxg7 18. Nf3 Nc5
{[%cal Rc5e4,Rc5d3] (regaining the pawn)} 19. O-O Nxe4 20. Rac1 $14) 15... Nd3+
16. Kf1 Qxd2 17. Qd5 {, and Black's compensation for the exchange looks
insufficient}) 15. c6 $146 (15. Qxa8 $6 Nc6 16. Qxf8+ Kxf8 $36) (15. Qxa6 Nxa6
16. c6 $5 (16. Nc3 Ndxc5 17. Ke2 {1/2 (56) Wojtaszek,R (2734)-Gupta,A (2662)
New Delhi 2012} Bxc3 18. Bxc3 f6 19. Nf3 Nxe4 $11) 16... Bxb2 17. Rb1 Ne5 (
17... Ndc5 18. O-O Bf6 19. Nf3 Nxe4 20. Ba5 Rfc8 21. Rfc1 e6 22. c7 Be7 23. Rc6
$16 {1-0 (31) Kuljasevic,D (2564)-Ben Artzi,I (2307) Skopje 2013}) 18. O-O Rab8
19. Bf4 Rfc8 20. Rfd1 (20. Nf3 f6 21. Nxe5 Bxe5 22. Bxe5 fxe5 23. f4 Rxb1 24.
Rxb1 Rxc6 25. fxe5 Rc4 26. Rb7 Rxe4 27. Rxa7 Rxe2 28. Rxa6 Rxe5 $11 {1/2 (58)
Bulski,K (2538)-Tomczak,J (2581) Warsaw POL 2013}) 20... f6 21. Nf3 Rxc6 22.
Nxe5 fxe5 23. Be3 Rc2 $5 (23... Kf7 24. Bxa7 Rb4 25. Be3 $14 {1-0 (78)
Gajewski,G (2644)-Vachier Lagrave,M (2715) Reykjavik 2013}) 24. Kf1 Kf7 25.
Bxa7 Ra8 26. Rd7 Nb4 27. Rb7 Ba3 28. Be3 Nc6 {[%cal Rc2a2]}) 15... Qxc6 16.
Qxc6 Nxc6 17. Rc1 Rac8 18. b3 Bb2 $6 (18... Nde5 $142 19. O-O Rfd8 20. Be3 Ng4
$44) 19. Rd1 Nce5 ({or} 19... Nf6 20. f3 Rfd8 21. Kf2 {, and White must
gradually consolidate his position}) 20. Be3 h6 21. Nf3 Nxf3+ 22. gxf3 Ne5 23.
f4 Ng4 $2 (23... Nf3+ 24. Kf1 {[%cal Rh2h4]} Nh4 {created many more problems
for White, which he should probably start solving with} 25. f3 $1 {[%cal Yf1f2]
} (25. Bxa7 $143 Rfd8) 25... Nxf3 $140 26. Kf2 Nh4 27. Bxa7 {After the text
move Black's knight is misplaced, and his compensation for White's material
advantage vanishes.}) 24. Bxa7 Ra8 25. Rd2 $1 Ba3 26. Bd4 Rfc8 27. Bc3 Nf6 28.
f3 Nh5 29. Rd3 {White has kept two extra pawns. The rest is clear.} Bd6 30. e5
Bc5 31. a4 Rab8 32. Ba5 Ra8 33. Bd2 Rab8 34. Rc3 Kh7 35. Kd1 Ng7 36. b4 $1 Ba7
37. Rxc8 Rxc8 38. Nc3 Nf5 39. Nb5 Be3 40. Re1 Rd8 41. Re2 Bxf4 42. Kc2 Bxd2 43.
Rxd2 Ne3+ 44. Kc3 Nd1+ 45. Rxd1 $1 Rxd1 46. a5 h5 47. Na3 {White's passed
pawns are unstoppable.} 1-0

[Event "Beijing FIDE GP"]
[Site "Beijing"]
[Date "2013.07.14"]
[Round "9"]
[White "Mamedyarov, Shakhriyar"]
[Black "Giri, Anish"]
[Result "1-0"]
[WhiteElo "2761"]
[BlackElo "2734"]
[Annotator "Krasenkow,M"]
[PlyCount "56"]
[EventDate "2013.07.04"]
[EventType "tourn"]
[EventRounds "11"]
[EventCountry "CHN"]
[EventCategory "21"]
[SourceTitle "CBM 156"]
[Source "ChessBase"]
[SourceDate "2013.09.17"]
[SourceVersion "1"]
[SourceVersionDate "2013.09.17"]
[SourceQuality "1"]

1. d4 Nf6 2. c4 g6 3. Nc3 d5 4. Nf3 Bg7 5. Qa4+ Bd7 6. Qb3 dxc4 7. Qxc4 O-O 8.
Bf4 c6 9. e4 b5 10. Qb3 c5 $5 {A rare but probably good move, solving all
Black's problems.} (10... Be6 11. Qc2 {leads to the position usually arising
after the immediate 5.Qb3 instead of 5.Qa4+}) (10... Qa5 11. e5 (11. Bd2 b4 12.
Na4 Nxe4 13. Bxb4 Qc7 14. Bd3 (14. Be2 Be6 15. Qc2 Bd5 16. O-O a5 17. Ba3 Na6
$11 {1/2 (60) Milanovic,D (2516)-Sarenac,I (2327) Obrenovac 2011}) 14... Be6
15. Qc2 (15. Qd1 Bd5 16. O-O c5 $1 17. Nxc5 Nxc5 18. Bxc5 Nc6 19. Re1 Bxf3 20.
Qxf3 Nxd4 {1/2 (25) Sokolov,I (2690)-Svidler,P (2733) Baden Baden 2004 CBM 143
[Avrukh,B]}) 15... Nd6 (15... Nf6 16. O-O Bd5 17. Ne5 a5 18. Bc5 Nfd7 19. Nxd7
Nxd7 20. Bxe7 Rfe8 21. Bh4 Qf4 22. Bg3 Qxd4 $11 {0-1 (81) Nilssen,J (2356)
-Neubauer,M (2454) Turin 2006}) 16. O-O Bd5 17. Ne5 Nd7 18. Nc3 Qb7 19. Bxd6
exd6 20. Nxd5 {1/2 (52) Esen,B (2455)-Atakisi,U (2392) Ankara 2007} Nxe5 21.
dxe5 cxd5 22. exd6 Rad8 $11) 11... Be6 12. Qc2 Nd5 13. Bd2 Nb4 $5 (13... Qb6
14. Be2 Nd7 15. O-O f6 16. exf6 exf6 17. Rfe1 a5 18. Bc4 Bf7 19. Nxd5 cxd5 20.
Bf1 Rfc8 21. Qd3 b4 22. Rac1 Bf8 23. Bf4 a4 24. h4 $14 {1-0 (46) Moranda,W 
(2570)-Sarenac,I (2410) Kazan RUS 2013}) (13... Nxc3 14. Bd3 Na6 15. O-O Ne2+
16. Bxe2 Qb6 17. a4 Rac8 18. axb5 cxb5 19. Qe4 Nc7 {1-0 (29) Jankovic,A (2553)
-Nedilko,V (2392) Plovdiv 2012 CBM 148 [Let's Check Training]} 20. Qh4 $36) 14.
Qc1 Qb6 15. a3 Nd5 16. h4 (16. Be2 Nd7 {[%cal Yc6c5]} 17. b4 f6 $132) 16... h5
(16... Bg4 $5) 17. Ne4 Nd7 18. Be2 Bf5 19. Nc3 Nxc3 20. bxc3 c5 $11 {1-0 (46)
Jankovic,A (2564)-Sarkar,J (2411) Philadelphia 2012}) 11. dxc5 Qa5 $146 (11...
Na6 $6 12. e5 Nxc5 13. Qb4 Nh5 (13... Na6 14. Qd4 $14) 14. Be3 Na6 15. Qh4 f5
16. Rd1 Qe8 17. Rxd7 $1 Qxd7 18. Bxb5 $18 {1/2 (27) Slisser,T (2145)-Bezemer,A
(2375) Dieren 2004}) 12. Bd2 b4 13. Nd5 Nc6 $1 14. Bd3 (14. Nxb4 $6 Nxe4 15.
Nxc6 Qxc5 $1 {M.Golubev}) (14. Qc4 $5 Be6 $1 (14... Rfd8 $143) 15. Ng5 Rad8 $1
16. Nxe6 fxe6 {, and despite White's material advantage and better pawn
structure, he is in trouble due to his uncastled king:} 17. Nxf6+ (17. Nxb4 Rd4
$1 18. Qxe6+ Kh8 19. Nd3 (19. Qxc6 Rxd2 $1) 19... Nb4 $1 $40) (17. Nf4 Rxd2 $1
(17... Bh6 $36) 18. Kxd2 b3+ 19. Ke2 Ng4 $17) 17... Bxf6 18. Qxe6+ Kg7 19. Qxc6
Bxb2 20. Rd1 Bc3 $1 21. Bd3 (21. Bxc3+ $4 bxc3) (21. Bc4 Bxd2+ 22. Rxd2 b3 $17)
21... Rxd3 22. Bxc3+ Rxc3 23. O-O Qxc5 $15) 14... Be6 15. Ng5 $6 (15. O-O Rfd8
$13) 15... Rad8 $4 {[%mdl 8192] Anish Giri mixes up his preparation, making a
move from the 14.Qc4 line (see above).} (15... Bxd5 16. exd5 Ne5 {gave Black a
good position, e.g.} 17. O-O (17. Rc1 $6 Nxd3+ 18. Qxd3 Qxa2) (17. Be2 Qxc5 18.
Bxb4 Qxd5 $36) 17... Qxc5 18. Bxb4 Qxd5 19. Be2 Rab8 20. Qxd5 Nxd5 21. Ba3 Nf4
$36 {M.Golubev}) 16. Nxe6 fxe6 17. Nxb4 {White simply wins another pawn
without compensation.} Nd4 18. Qc4 Nd7 19. Nc6 $1 ({After} 19. Na6 {Black
probably planned} Qxd2+ $5 20. Kxd2 Ne5 {but even then after} 21. Raf1 $1 Nxc4+
22. Bxc4 {White's advantage is decisive. The text move is simpler.}) 19... Qxc5
20. Nxd8 Ne5 (20... Rxd8 21. O-O Qxc4 (21... Qb6 22. Bf4) 22. Bxc4 Ne5 23. Ba5
$18) 21. Nxe6 $1 Qd6 22. Nxd4+ Nxc4 23. Bxc4+ Kh8 24. Ne6 {White has too much
material for the queen.} Rc8 25. Bd5 Bxb2 26. Rb1 Rc2 27. Rxb2 Rxb2 28. Bc3+
Kg8 (28... Kg8 29. Bxb2 Qb4+ 30. Kf1 Qxb2 31. g3 $18) 1-0

[Event "RUS-chT 07th"]
[Site "Smolensk"]
[Date "2000.04.16"]
[Round "2"]
[White "Sergienko, Sergey"]
[Black "Sakaev, Konstantin"]
[Result "0-1"]
[WhiteElo "2425"]
[BlackElo "2629"]
[Annotator "Krasenkow,M"]
[PlyCount "106"]
[EventDate "2000.04.15"]
[EventType "team-tourn"]
[EventRounds "11"]
[EventCountry "RUS"]
[SourceTitle "CBM 077"]
[Source "ChessBase"]
[SourceDate "2000.07.27"]
[SourceVersion "1"]
[SourceVersionDate "2000.07.27"]
[SourceQuality "1"]
[WhiteTeam "Voronezh OShK"]
[BlackTeam "Sankt Petersburg Chess Federation"]
[WhiteTeamCountry "RUS"]
[BlackTeamCountry "RUS"]

1. d4 Nf6 2. c4 g6 3. Nc3 d5 4. cxd5 Nxd5 5. Bd2 Bg7 6. e4 Nb6 7. Be3 O-O 8.
Be2 Nc6 9. Nf3 Bg4 10. d5 Bxf3 11. gxf3 Na5 12. Bd4 Qd6 $1 {About this line -
see CBM71,75.} 13. Nb5 Qb4+ 14. Bc3 (14. Qd2 Qxd2+ 15. Kxd2 c6 16. Bxg7 Kxg7
17. dxc6 Nxc6 $11 {Shabtai,R-Jansa,V/Gausdal Int 1995/1-0 (69)}) 14... Bxc3+
15. bxc3 Qc5 16. Qd4 {Quite a harmless attempt to keep White's pawn centre (d4,
e4 instead of d5,e4).} Qxd4 17. cxd4 c6 18. dxc6 bxc6 $5 (18... Nxc6 {is quite
enough for equality:} 19. Rb1 e6 20. O-O Rfd8 21. Rfd1 {1/2-1/2 Bosboom
Lanchava,T-Krupkova,P/BL9900 (Women) 2000}) 19. Na3 {This knight will not find
a good square while the black b6 knight will formidably enter the white camp
via a4.} (19. Nc3 Rfd8 20. O-O-O Rd7 21. Ba6 (21. Rd3 Rad8 22. Rhd1 Nbc4 $5 {
[%cal Yd7b7,Yb7b2]}) 21... Rad8 22. Ne2 $11) 19... Rfd8 20. O-O-O (20. Nc2 Na4)
(20. Rd1 Na4) 20... Na4 $1 {anyway!} 21. Rd3 (21. Rd2 {was probably more
accurate but Black is, of course, more than OK after} Nc3 22. Ba6 Rab8 23. Rc2
Nb5) 21... c5 $1 22. d5 (22. dxc5 Rxd3 23. Bxd3 Nxc5 $15 {[%csl Re5,Rf4] Black
is slightly better due to the weakness of White's pawn structure.}) 22... c4
23. Re3 $6 {Not a good idea. This rook will now be out of play and the black
a8 rook invades to b2.} (23. Rd4 Rac8 $1 $15 {[%csl Rd4]} (23... e5 24. Rd2 c3
(24... Rac8 25. Rc2) 25. Rc2 Rac8 26. Bb5 Nc5 27. Nb1)) (23. Rd2 $142 Rac8 24.
Rc2 Nb6 $11 {[%cal Ye7e6]}) 23... Rab8 24. Rd1 Rb2 25. Rd2 c3 26. Rc2 (26. Rd4
Nc5 27. Rxc3 Rxa2 28. Bd1 (28. Rxc5 Nb3+ 29. Kb1 Rxe2) 28... Rc8 29. Kb1 Rxf2
$17 30. Rb4 a6) 26... Rdb8 27. e5 Kg7 28. Re4 Nb6 29. Rd4 $2 {A blunder
leading to a loss of a pawn.} (29. Rxc3 Nxd5 30. Rc5 Nb4 $1 31. Kxb2 (31. Rxa5
$2 Nxa2+ 32. Kd1 Nc3+ 33. Ke1 Rd8 $1 34. Kf1 (34. Re3 Rxe2+ $1) 34... Rdd2 35.
Bc4 (35. Nc4 Rb1+ 36. Kg2 Rxe2 $19) 35... Rxf2+ 36. Kg1 Nxe4 37. fxe4 Rg2+ 38.
Kf1 Rxh2 $19) 31... Nd3+ 32. Kc3 Nxc5 33. Rb4 Rc8 $15) 29... Rxa2 $1 30. Rxa2
Nb3+ 31. Kc2 Nxd4+ 32. Kxc3 Nxe2+ 33. Rxe2 Nxd5+ 34. Kd4 e6 {With an extra
pawn and opponent's destroyed pawn structure Black easily reaches a win.} 35.
Nc4 Rb4 36. Kc5 Rb3 37. Ne3 Rd3 38. Kc4 Nf4 39. Ra2 Rd7 40. Ng4 g5 41. Nf6 Rc7+
42. Kd4 Kg6 43. Rb2 Rc1 44. Rb8 Rd1+ 45. Ke4 Re1+ 46. Kd4 Rd1+ 47. Ke4 Re1+ 48.
Kd4 Ne2+ 49. Kd3 Ng1 50. Rg8+ Kf5 51. Nxh7 Nxf3 52. Rg7 Nxe5+ 53. Kc3 g4 0-1